[Event "13eme open"]
[Site "Louviers"]
[Round "2"]
[Date "2010.05.22"]
[White "Josse, Sebastien"]
[Black "Victor, Daniel"]
[Result "1-0"]
[WhiteElo "1793"]
[BlackElo "1880"]
[PlyCount "28"]

1. f4 c6 2. Nf3 d5 3. b3 e6 4. Bb2 f5 5. e3 Nf6 6. Be2 Bd6 7. Ne5 Bxe5 8. fxe5
Ne4 9. g3 Qg5 10. Bh5+ g6 11. Bf3 O-O 12. Qe2 b6 13. Nc3 Ba6 14. Qg2 Nd7 {
Suite non saisie car un coup impossible a été joué : le roque} 1-0

[Event "13eme open"]
[Site "Louviers"]
[Round "2"]
[Date "2010.05.22"]
[White "De Saint Jores, Clement"]
[Black "Dunand, Damien"]
[Result "0-1"]
[WhiteElo "1160"]
[BlackElo "1650"]
[PlyCount "66"]

1. e4 Nf6 2. Nc3 d6 3. Nf3 g6 4. e5 dxe5 5. Nxe5 Bg7 6. Bc4 e6 7. d3 O-O 8. O-O
Nbd7 9. Nxd7 Bxd7 10. Ne4 Nxe4 11. dxe4 Bc6 12. Qxd8 Raxd8 13. Re1 Rd4 14. Bd3
Rfd8 15. Bg5 R8d7 16. Rad1 Ra4 17. a3 Bxb2 18. Bc1 Bxa3 19. Bxa3 Rxa3 20. e5
Ba4 21. Rb1 b6 22. h3 a5 23. Bb5 Rd5 24. Bxa4 Rxa4 25. Rbc1 Rd2 26. c4 Rd4 27.
c5 b5 28. Rb1 Rab4 29. c6 Rxb1 30. Rxb1 b4 31. Ra1 Rd5 32. Re1 Rc5 33. Re4 Rxc6
0-1

[Event "13eme open"]
[Site "Louviers"]
[Round "2"]
[Date "2010.05.22"]
[White "Grenet, Dominique"]
[Black "Naji, Nil"]
[Result "1-0"]
[WhiteElo "1490"]
[BlackElo "1099"]
[PlyCount "103"]

1. e4 e5 2. Nf3 Nc6 3. d4 exd4 4. Nxd4 Nge7 5. Bg5 d5 6. Nxc6 bxc6 7. exd5 Qxd5
8. Qxd5 Nxd5 9. Bc4 Nb4 10. Bb3 Bd6 11. O-O O-O 12. Nc3 a5 13. Rad1 Bb7 14. Be3
Rad8 15. a3 Na6 16. Ne4 c5 17. Nxd6 Rxd6 18. Bc4 Rg6 19. g3 Rc6 20. Rfe1 g6 21.
Bh6 Rc8 22. Re7 Rf6 23. Red7 Rd6 24. Bxf7+ Kh8 25. R1xd6 cxd6 26. Rxb7 Nb8 27.
Bd5 Rg8 28. Bxg8 Kxg8 29. Rxb8+ Kf7 30. Rf8+ Ke7 31. c4 g5 32. g4 Ke6 33. Bxg5
d5 34. cxd5+ Kxd5 35. Be3 c4 36. Rf5+ Ke4 37. Kf1 Kd3 38. Rc5 a4 39. g5 Kc2 40.
Bd4 Kd3 41. Bc3 Kc2 42. Ke2 Kb3 43. Kd2 Ka2 44. Rxc4 Kb3 45. Rb4+ Ka2 46. Kc2
h6 47. g6 h5 48. g7 h4 49. g8=Q+ Ka1 50. b3+ Ka2 51. bxa4+ Kxa3 52. Qb3# 1-0

[Event "13eme open"]
[Site "Louviers"]
[Round "2"]
[Date "2010.05.22"]
[White "Arinal, Serge"]
[Black "Pigache, Emmanuel"]
[Result "1-0"]
[WhiteElo "1610"]
[BlackElo "1300"]
[PlyCount "63"]

1. Nf3 Nf6 2. c4 c6 3. Nc3 g6 4. g3 Bg7 5. Bg2 O-O 6. O-O Re8 7. Qc2 d6 8. b3
Nh5 9. Bb2 e5 10. Ne4 Bf5 11. Nh4 Be6 12. Rad1 Na6 13. a3 Nc7 14. d4 Bc8 15.
dxe5 Bxe5 16. Bxe5 Rxe5 17. Nxd6 Bd7 18. Nxb7 Qe7 19. Rfe1 Re6 20. e3 Nf6 21.
b4 Re5 22. Nc5 Bg4 23. Nf3 Bf5 24. Qc3 Ne4 25. Nxe4 Bxe4 26. Qxe5 Qxe5 27. Nxe5
Bc2 28. Rd7 Ne6 29. Bxc6 Rc8 30. Bd5 Ba4 31. Rxf7 Ng5 32. Rc7+ 1-0

[Event "13eme open"]
[Site "Louviers"]
[Round "2"]
[Date "2010.05.22"]
[White "Bonte, Gerard"]
[Black "Varigault, Nicole"]
[Result "1-0"]
[WhiteElo "1630"]
[BlackElo "1190"]
[PlyCount "111"]

1. c4 e5 2. Nc3 Bc5 3. Nf3 d6 4. g3 Nf6 5. e3 O-O 6. Bg2 h6 7. a3 Bg4 8. h3 Be6
9. b4 Bb6 10. d3 a6 11. O-O c5 12. b5 Nbd7 13. Bb2 axb5 14. Nxb5 Bc7 15. Nd2
Nb6 16. Bxb7 Bxh3 17. Bxa8 Bxf1 18. Kxf1 Qxa8 19. Nxc7 Qh1+ 20. Ke2 Qh5+ 21.
Ke1 Ng4 22. Nf1 Qf5 23. f3 Nf6 24. g4 Qg5 25. Kd2 h5 26. Kc2 hxg4 27. Bc1 g3
28. e4 Qh4 29. Be3 g2 30. Nd2 Nh5 31. Qg1 Nf4 32. Bxf4 exf4 33. Qxg2 Nd7 34.
Rh1 Qg3 35. Qh2 Qxh2 36. Rxh2 Nf6 37. Nd5 Nh7 38. Nc7 Rd8 39. Nb5 g6 40. a4 Ra8
41. Kb3 Kg7 42. Nxd6 Rb8+ 43. Nb5 Nf8 44. e5 Ne6 45. Ka3 Nd4 46. a5 Nc6 47. Nb3
Ra8 48. Ka4 Nd4 49. N5xd4 cxd4 50. c5 Re8 51. Re2 g5 52. Kb5 Rb8+ 53. Kc4 Kg6
54. e6 fxe6 55. Rxe6+ Kf5 56. Nxd4# 1-0

[Event "13eme open"]
[Site "Louviers"]
[Round "2"]
[Date "2010.05.22"]
[White "Soriano, Manon"]
[Black "Van Hyfte, Raphael"]
[Result "1/2"]
[WhiteElo "1490"]
[BlackElo "1730"]
[PlyCount "91"]

1. e4 e5 2. Nf3 d5 3. exd5 e4 4. Qe2 Nf6 5. Nc3 Be7 6. Nxe4 Nxd5 7. g3 O-O 8.
Bg2 Nc6 9. O-O f5 10. Nc3 Nxc3 11. dxc3 Bf6 12. Re1 Bd7 13. Qc4+ Kh8 14. Bf4 g5
15. Be5 Re8 16. Bxf6+ Qxf6 17. Rad1 Be6 18. Qb5 Rab8 19. Nd4 a6 20. Qf1 Nxd4
21. cxd4 Red8 22. d5 Bg8 23. c4 f4 24. Qd3 fxg3 25. fxg3 Qxb2 26. Re2 Qg7 27.
c5 Bxd5 28. Bxd5 c6 29. Qc4 Rxd5 30. Rxd5 cxd5 31. Qxd5 Qa1+ 32. Kg2 Rf8 33.
Qe5+ Qxe5 34. Rxe5 h6 35. Re7 Rc8 36. Rxb7 Rxc5 37. Rb8+ Kg7 38. Rb7+ Kf8 39.
Rb8+ Ke7 40. Rb2 {(=)} Rc6 41. Kf3 Kf6 42. Kg4 Kg6 43. Kh3 h5 44. Rd2 Re6 45.
Rc2 Kf5 46. Rf2+ 1/2-1/2

[Event "13eme open"]
[Site "Louviers"]
[Round "2"]
[Date "2010.05.22"]
[White "Veniat, Nicolas"]
[Black "Saint-Gilles, Damien"]
[Result "1/2"]
[WhiteElo "1859"]
[BlackElo "1678"]
[PlyCount "94"]

1. f4 Nf6 2. Nc3 d5 3. e3 Bf5 4. Nf3 g6 5. Be2 Bg7 6. d3 Nc6 7. Bd2 Qd7 8. a4
a6 9. Nh4 Bg4 10. Bxg4 Nxg4 11. Nxd5 Nxh2 12. Nxc7+ Qxc7 13. Rxh2 Bxb2 14. Rb1
Ba3 15. Bc3 Rg8 16. Nf3 h5 17. Qd2 Bd6 18. Rh1 a5 19. g3 Nb4 20. Nd4 Bc5 21.
Nb5 Qc6 22. Kf2 g5 23. d4 gxf4 24. exf4 Bb6 25. Rxh5 Qg6 26. Rg5 Qh7 27. Rxg8+
Qxg8 28. Bxb4 axb4 29. Qxb4 Qh7 30. Qc4 Qh2+ 31. Kf3 Qh5+ 32. Ke3 Qh2 33. Kf3
Qh5+ {(=)} 34. Kg2 Qg6 35. Re1 Kd7 36. Qd5+ Kc8 37. Re3 Qxc2+ 38. Kf3 Qd1+ 39.
Ke4 Qh1+ 40. Ke5 Qh8+ 41. Ke4 Qh1+ 42. Rf3 Qe1+ 43. Kd3 Qd1+ 44. Kc3 Qc1+ 45.
Kd3 Qd1+ 46. Ke4 Qe1+ 47. Re3 Qh1+ 1/2-1/2

[Event "13eme open"]
[Site "Louviers"]
[Round "2"]
[Date "2010.05.22"]
[White "Broustet, Pierre"]
[Black "Cleaud, Cyril"]
[Result "1/2"]
[WhiteElo "1840"]
[BlackElo "1744"]
[PlyCount "122"]

1. d4 d5 2. c4 c6 3. Nf3 Nf6 4. Nc3 e6 5. e3 c5 6. cxd5 Nxd5 7. Ne4 cxd4 8.
Qa4+ Nc6 9. Nxd4 Bd7 10. Nb5 Bb4+ 11. Bd2 Bxd2+ 12. Nxd2 O-O 13. Qd1 e5 14. Be2
a6 15. Nd6 Qc7 16. N2e4 Be6 17. a3 f5 18. Bc4 Nf4 19. exf4 Bxc4 20. Nxc4 fxe4
21. Qd5+ Kh8 22. fxe5 Rad8 23. Nd6 Nxe5 24. Qxe5 Qxd6 25. Qxd6 Rxd6 26. Ke2 Rb6
27. b4 Kg8 28. Rac1 a5 29. Rc4 axb4 30. Rb1 b3 31. Rb4 Rxb4 32. axb4 Rc8 33.
Rxb3 Kf7 34. Ke3 Rc4 {(=)} 35. b5 Ke6 36. b6 Kd5 37. Rb5+ Kc6 38. Rb3 Kc5 39.
g3 Rb4 40. Rxb4 Kxb4 41. Kxe4 Kc5 42. f4 Kxb6 43. g4 Kc6 44. Kd4 Kd6 45. h4 b5
46. h5 Ke6 47. Kc5 b4 48. Kxb4 Kd5 49. h6 g6 50. Kc3 Ke4 51. f5 gxf5 52. g5 f4
53. g6 f3 54. gxh7 f2 55. h8=Q f1=Q 56. Qd4+ Kf5 57. Qd7+ Kf6 58. Qg7+ Ke6 59.
Qg8+ Ke7 60. h7 Qf6+ 61. Kd3 Qf3+ 1/2-1/2

[Event "13eme open"]
[Site "Louviers"]
[Round "1"]
[Date "2010.05.22"]
[White "Bordelet, Louis"]
[Black "De Saint Jores, Clement"]
[Result "1-0"]
[WhiteElo "1780"]
[BlackElo "1160"]
[PlyCount "23"]

1. e4 c5 2. Nf3 Nc6 3. d4 cxd4 4. Nxd4 Nxd4 5. Qxd4 Nf6 6. Nc3 b6 7. e5 Nh5 8.
g4 Bb7 9. Rg1 e6 10. gxh5 Bc5 11. Qg4 O-O 12. Qxg7# 1-0

[Event "13eme open"]
[Site "Louviers"]
[Round "2"]
[Date "2010.05.22"]
[White "Aknouche, Abdesslem"]
[Black "Diologent, Matthieu"]
[Result "0-1"]
[WhiteElo "1800"]
[BlackElo "1944"]
[PlyCount "70"]

1. d4 Nf6 2. Nf3 e6 3. e3 b6 4. Bd3 Bb7 5. Nbd2 d5 6. O-O Bd6 7. b3 Nbd7 8. Bb2
Qe7 9. Ne5 c5 10. Qe2 O-O 11. f4 Ne4 12. Rf3 f6 13. Nxd7 Qxd7 14. Rh3 f5 15.
Bxe4 dxe4 16. Rd1 cxd4 17. Nc4 Bc5 18. Bxd4 Bxd4 19. Rxd4 Qe7 20. Ne5 Rfd8 21.
Qh5 h6 22. Qg6 Qf6 23. Rxh6 Qxg6 24. Rxg6 Rxd4 25. exd4 Rc8 26. Rxe6 Rxc2 27.
Re8+ Kh7 28. Re7 e3 29. Nd3 Be4 30. d5 Bxd3 31. Rxe3 Be4 32. d6 Rxg2+ 33. Kf1
Rd2 34. Rc3 Rxd6 35. Rc7 a6 0-1

[Event "13eme open"]
[Site "Louviers"]
[Round "2"]
[Date "2010.05.22"]
[White "Tirard, Hugo"]
[Black "Berrou, Andre"]
[Result "1-0"]
[WhiteElo "2447"]
[BlackElo "1820"]
[PlyCount "89"]

1. e4 c6 2. d4 d5 3. e5 Bf5 4. Nf3 h6 5. Be2 e6 6. O-O Nd7 7. Nbd2 Qc7 8. Nb3
Ne7 9. Bd2 Nc8 10. h3 Ncb6 11. Ba5 Be7 12. Ne1 O-O 13. f4 Be4 14. Nd2 Bh7 15.
c4 dxc4 16. Bxc4 Qc8 17. Bb3 Nd5 18. Qf3 N7b6 19. Ne4 Bb4 20. Bxb4 Nxb4 21. a3
N4d5 22. Nd3 Bxe4 23. Qxe4 Qd7 24. Nc5 Qe7 25. Rf3 f5 26. exf6 Rxf6 27. f5 Kh8
28. fxe6 Rxf3 29. Qxf3 Rf8 30. Qe4 Rf4 31. Qe5 Rf6 32. Re1 Nf4 33. Qb8+ Rf8 (
33... Kh7 34. Qxb7 Qxb7 35. Nxb7 Nd3 36. e7 Nxe1 37. e8=Q) 34. Qxf8+ (34. Qxb7
Qg5 35. Qxc6 Nxh3+ 36. Kh2 Nf2 37. Kg1 Qh4 38. g3 Qxg3+ 39. Qg2 Nh3+ 40. Kh1
Qxe1+) 34... Qxf8 35. e7 Qe8 36. Bf7 Qxf7 37. e8=Q+ Qxe8 38. Rxe8+ Kh7 39. Nxb7
Nc4 40. Nd8 Nxb2 41. Nxc6 Nc4 42. a4 Nb6 43. a5 Nc4 44. a6 Nd6 45. Rb8 1-0

[Event "13eme open"]
[Site "Louviers"]
[Round "2"]
[Date "2010.05.22"]
[White "Vigneron, Frederic"]
[Black "Bordelet, Louis"]
[Result "1-0"]
[WhiteElo "1928"]
[BlackElo "1780"]
[PlyCount "51"]

1. d4 d5 2. c4 c6 3. Nf3 Nf6 4. Nc3 e6 5. Bg5 Be7 6. e3 Nbd7 7. Rc1 O-O 8. Bd3
Qb6 9. Qc2 Re8 10. O-O h6 11. Bh4 a6 12. Rfd1 Qd8 13. a3 Bd6 14. e4 Bf4 15. Rb1
g5 16. Bg3 Bxg3 17. hxg3 Qe7 18. cxd5 exd5 19. exd5 cxd5 20. Re1 Qd6 21. Qd2
Nf8 22. Nxg5 Rxe1+ (22... hxg5 23. Qxg5+ Ng6 24. Bxg6 fxg6 25. Qxg6+ Kf8) 23.
Rxe1 Bg4 24. Nf3 Bxf3 25. gxf3 Nh5 26. Re5 1-0

[Event "13eme open"]
[Site "Louviers"]
[Round "2"]
[Date "2010.05.22"]
[White "Vappereau, Xavier"]
[Black "Duverne, Jean-Marie"]
[Result "0-1"]
[WhiteElo "1810"]
[BlackElo "2153"]
[PlyCount "38"]

1. e4 c5 2. Nf3 Nc6 3. d4 cxd4 4. Nxd4 g6 5. Nc3 Bg7 6. Be3 Nf6 7. f3 O-O 8.
Qd2 d5 9. O-O-O dxe4 10. Nxc6 Qxd2+ 11. Rxd2 bxc6 12. Nxe4 Nd5 13. Bf2 Bh6 14.
Bc4 Bf5 15. Ng3 Nb6 16. Bb3 Rfd8 17. Rhd1 Rxd2 18. Rxd2 Rd8 19. Nxf5 Bxd2+ 0-1

[Event "13eme open"]
[Site "Louviers"]
[Round "2"]
[Date "2010.05.22"]
[White "Voegele, Francois-Marie"]
[Black "Langlet, Stephanie"]
[Result "0-1"]
[WhiteElo "1070"]
[BlackElo "1490"]
[PlyCount "98"]

1. e4 e5 2. Nc3 Nf6 3. d3 Bb4 4. Bd2 Nc6 5. Be2 Bxc3 6. Bxc3 d5 7. exd5 Nxd5 8.
Nf3 Nxc3 9. bxc3 O-O 10. Qd2 Be6 11. O-O Qd6 12. a4 Rad8 13. c4 Nd4 14. Nxd4
Qxd4 15. Rab1 b6 16. Rb4 a5 17. c3 Qd6 18. Rbb1 Bxc4 19. Qc2 Bxd3 20. Bxd3 Qxd3
21. Qb3 h6 22. h3 Rd6 23. Rfe1 Qf5 24. Qc4 Rd2 25. f3 Rc8 26. Ra1 c5 27. Qb5
Qf6 28. Qa6 Rcd8 29. Re2 Rd1+ 30. Re1 Rxa1 31. Rxa1 Rd2 32. Qf1 Qf4 33. Qb5
Qe3+ 34. Kh1 Qxc3 35. Re1 Qb4 36. Qe8+ Kh7 37. Ra1 Qb2 38. Re1 Re2 39. Rxe2
Qxe2 40. Qxf7 Qd3 41. Qe7 Qd4 42. Qe8 c4 43. Qb8 c3 44. Qe8 c2 45. Qb5 c1=Q+
46. Kh2 Qdf4+ 47. g3 Qc2+ 48. Kg1 Qxg3+ 49. Kf1 Qgf2# 0-1